=LDR 00000nam 2200000 4500 =001 INLIS000000000019161 =005 20130612114247 =008 ***********************************Ind** =035 ##$$0010-061300000019161 =041 ##$$a Ind =082 ##$$a 639.37 =090 ##$$a 639.37, Mah t =100 ##$$a Mahcmud =245 ##$$a 37 kiat agar arwana tampil prima, Macmud =260 ##$$a 2003 $b Jakarta =300 ##$$a x, 62 hlm, ilus, 20 cm =650 ##$$a Arwana, Ikan =850 ##$$a NBPNMAT